<?xml version="1.0" encoding="UTF-8"?>
<record
    xmlns:xsi="http://www.w3.org/2001/XMLSchema-instance"
    xsi:schemaLocation="http://www.loc.gov/MARC21/slim http://www.loc.gov/standards/marcxml/schema/MARC21slim.xsd"
    xmlns="http://www.loc.gov/MARC21/slim">

  <leader>02937nam a22002657a 4500</leader>
  <controlfield tag="008">250121b        |||||||| |||| 00| 0 eng d</controlfield>
  <datafield tag="020" ind1=" " ind2=" ">
    <subfield code="a">9788496729155</subfield>
  </datafield>
  <datafield tag="040" ind1=" " ind2=" ">
    <subfield code="c">tbs</subfield>
  </datafield>
  <datafield tag="041" ind1=" " ind2=" ">
    <subfield code="a">spa</subfield>
  </datafield>
  <datafield tag="041" ind1=" " ind2=" ">
    <subfield code="h">eng</subfield>
  </datafield>
  <datafield tag="050" ind1=" " ind2=" ">
    <subfield code="a">HB501</subfield>
    <subfield code="b">.F7518 2008</subfield>
  </datafield>
  <datafield tag="100" ind1=" " ind2=" ">
    <subfield code="a">Friedman, Milton</subfield>
    <subfield code="d">1912-2006</subfield>
    <subfield code="9">24566</subfield>
    <subfield code="e">author</subfield>
  </datafield>
  <datafield tag="240" ind1=" " ind2=" ">
    <subfield code="a">Free to choose. </subfield>
    <subfield code="l">Spanish.</subfield>
  </datafield>
  <datafield tag="245" ind1=" " ind2=" ">
    <subfield code="a">Libertad de elegir</subfield>
    <subfield code="c">/ Milton Friedman, Rose Friedman ; translated by Carlos Rocha Pujol.</subfield>
  </datafield>
  <datafield tag="260" ind1=" " ind2=" ">
    <subfield code="a">Madrid :</subfield>
    <subfield code="b">Editorial Fundaci&#xF3;n FAES,</subfield>
    <subfield code="c">2008.</subfield>
  </datafield>
  <datafield tag="300" ind1=" " ind2=" ">
    <subfield code="a">485 pages ; 24 cm.</subfield>
  </datafield>
  <datafield tag="520" ind1=" " ind2=" ">
    <subfield code="a">Libertad de elegir es m&#xE1;s que reeditar un cl&#xE1;sico. Es un homenaje a la sencillez y a la eficacia con las que Milton Friedman explicaba y defend&#xED;a las mejores ideas, que son las ideas de la libertad. Es una invitaci&#xF3;n a las generaciones m&#xE1;s j&#xF3;venes a conocer, sin intermediarios ni prejuicios, c&#xF3;mo y por qu&#xE9; Friedman argumenta que &#xAB;la libertad garantiza la posibilidad de que los desfavorecidos de hoy sean los privilegiados de ma&#xF1;ana&#xBB;. Reeditar Libertad de elegir significa tambi&#xE9;n compartir con Friedman afirmaciones como la siguiente: &#xAB;Nuestra sociedad es lo que hacemos de ella. Podemos dise&#xF1;ar nuestras instituciones. Nada nos impide, si lo deseamos, edificar una sociedad que preserve y estimule la libertad humana, que sepa mantener el lugar del Estado, y convertirlo en nuestro servidor y no en nuestro amo&#xBB;. Esta reedici&#xF3;n es tambi&#xE9;n un tributo a quien explic&#xF3;, mejor que nadie, los errores en pol&#xED;tica econ&#xF3;mica que llevaron a la Gran Depresi&#xF3;n; y a quien ofreci&#xF3; medidas atrevidas a favor de los m&#xE1;s d&#xE9;biles como el impuesto negativo sobre la renta o el bono escolar.</subfield>
  </datafield>
  <datafield tag="520" ind1=" " ind2=" ">
    <subfield code="a">Freedom to Choose is more than a reissue of a classic. It is a tribute to the simplicity and effectiveness with which Milton Friedman explained and defended the best ideas&#x2014;the ideas of freedom. It is an invitation to younger generations to discover, without intermediaries or prejudice, how and why Friedman argues that "freedom ensures the possibility for today's disadvantaged to become tomorrow's privileged."

Reissuing Freedom to Choose also means sharing Friedman's assertions, such as: "Our society is what we make of it. We can design our institutions. Nothing prevents us, if we so desire, from building a society that preserves and fosters human freedom, one that knows how to keep the role of the State in check, making it our servant rather than our master."

This reissue is also a tribute to the man who explained, better than anyone, the economic policy mistakes that led to the Great Depression; and who proposed bold measures in favor of the most vulnerable, such as the negative income tax and school vouchers.</subfield>
  </datafield>
  <datafield tag="650" ind1=" " ind2="0">
    <subfield code="a">Capitalism</subfield>
    <subfield code="9">5206</subfield>
  </datafield>
  <datafield tag="650" ind1=" " ind2="0">
    <subfield code="a">Welfare state</subfield>
    <subfield code="9">24567</subfield>
  </datafield>
  <datafield tag="650" ind1=" " ind2="0">
    <subfield code="a">Industrial policy</subfield>
    <subfield code="9">4115</subfield>
  </datafield>
  <datafield tag="700" ind1=" " ind2=" ">
    <subfield code="a">Friedman, Rose D.</subfield>
    <subfield code="9">24568</subfield>
    <subfield code="e">author</subfield>
  </datafield>
  <datafield tag="700" ind1=" " ind2=" ">
    <subfield code="a">Rocha Pujol, Carlos</subfield>
    <subfield code="9">24569</subfield>
    <subfield code="e">translator</subfield>
  </datafield>
  <datafield tag="942" ind1=" " ind2=" ">
    <subfield code="2">lcc</subfield>
  </datafield>
  <datafield tag="952" ind1=" " ind2=" ">
    <subfield code="0">0</subfield>
    <subfield code="1">0</subfield>
    <subfield code="2">lcc</subfield>
    <subfield code="4">0</subfield>
    <subfield code="7">0</subfield>
    <subfield code="a">TBS</subfield>
    <subfield code="b">TBS</subfield>
    <subfield code="d">2025-01-21</subfield>
    <subfield code="l">0</subfield>
    <subfield code="o">HB501 FRI</subfield>
    <subfield code="p">B02566</subfield>
    <subfield code="r">2025-01-21</subfield>
    <subfield code="t">1</subfield>
    <subfield code="w">2025-01-21</subfield>
    <subfield code="y">1</subfield>
  </datafield>
  <datafield tag="999" ind1=" " ind2=" ">
    <subfield code="c">4468</subfield>
    <subfield code="d">4468</subfield>
  </datafield>
</record>
